[Event "ODJM A 2023"]
[Site "Willingen GER"]
[Date "2023.06.02"]
[Round "8"]
[White "Mühlich, Cornelius"]
[Black "Frohnhäuser, Simon"]
[Result "1/2-1/2"]
[Termination "normal"]
[Board "22"]
[WhiteElo "1910"]
[BlackElo "1901"]
[WhiteClock "00:24:24"]
[BlackClock "00:29:17"]
[PlyCount "130"]
[WhiteFideId "12963712"]
[BlackFideId "16208528"]
[EventCountry "GER"]
[EventRounds "9"]
[EventType "swiss"]
[EventDate "2023.05.27"]

1. e4 {[%emt 0:04:46]} c5 {[%emt 0:00:05]} 2. c3 {[%emt 0:00:04]} d5 {[%emt
0:00:08]} 3. exd5 {[%emt 0:00:05]} Qxd5 {[%emt 0:00:15]} 4. d4 {[%emt 0:00:33]}
Nc6 {[%emt 0:00:04]} 5. Nf3 {[%emt 0:00:22]} cxd4 {[%emt 0:00:06]} 6. cxd4
{[%emt 0:00:20]} e5 {[%emt 0:00:08]} 7. Nc3 {[%emt 0:11:18]} Bb4 {[%emt
0:00:05]} 8. a3 {[%emt 0:05:13]} Bxc3+ {[%emt 0:02:28]} 9. bxc3 {[%emt
0:00:01]} Bg4 {[%emt 0:00:30]} 10. Be2 {[%emt 0:01:55]} exd4 {[%emt 0:09:50]}
11. cxd4 {[%emt 0:01:16]} Nge7 {[%emt 0:04:36]} 12. O-O {[%emt 0:01:22]} O-O
{[%emt 0:00:17]} 13. Rb1 {[%emt 0:03:35]} Qd7 {[%emt 0:22:23]} 14. h3 {[%emt
0:06:49]} Bf5 {[%emt 0:10:42]} 15. Rb5 {[%emt 0:02:44]} a6 {[%emt 0:02:10]} 16.
Rb2 {[%emt 0:18:09]} Rad8 {[%emt 0:00:35]} 17. Qb3 {[%emt 0:05:35]} b5 {[%emt
0:07:49]} 18. Rd1 {[%emt 0:06:42]} Be6 {[%emt 0:04:09]} 19. Qc2 {[%emt
0:01:24]} Qd5 {[%emt 0:04:13]} 20. Be3 {[%emt 0:06:31]} Na5 {[%emt 0:04:16]}
21. Ne5 {[%emt 0:05:07]} Rc8 {[%emt 0:01:13]} 22. Qd2 {[%emt 0:01:03]} Qd8
{[%emt 0:07:45]} 23. Rc1 {[%emt 0:05:37]} Rxc1+ 24. Qxc1 f6 {[%emt 0:00:28]}
25. Nd3 {[%emt 0:01:42]} Nc4 {[%emt 0:00:06]} 26. Rc2 {[%emt 0:00:42]} Bf7
{[%emt 0:07:01]} 27. a4 {[%emt 0:07:14]} Nc6 {[%emt 0:01:09]} 28. Nb2 {[%emt
0:03:17]} Nb4 {[%emt 0:02:59]} 29. Nxc4 {[%emt 0:01:15]} Nxc2 {[%emt 0:00:22]}
30. axb5 {[%emt 0:01:20]} axb5 {[%emt 0:00:47]} 31. Qxc2 {[%emt 0:00:32]} bxc4
{[%emt 0:00:53]} 32. Bxc4 {[%emt 0:00:07]} Qc7 {[%emt 0:01:21]} 33. Bxf7+
{[%emt 0:00:17]} Qxf7 {[%emt 0:00:04]} 34. Qf5 {[%emt 0:00:33]} Rd8 {[%emt
0:00:33]} 35. h4 {[%emt 0:00:32]} Qd5 {[%emt 0:00:10]} 36. Qg4 {[%emt 0:00:12]}
Qd7 {[%emt 0:04:19]} 37. Qe4 {[%emt 0:02:18]} Re8 {[%emt 0:01:14]} 38. Qf3
{[%emt 0:00:39]} Qe6 {[%emt 0:02:00]} 39. h5 {[%emt 0:02:39]} Qe4 {[%emt
0:00:57]} 40. Qg3 {[%emt 0:00:21]} Qb1+ {[%emt 0:01:16]} 41. Kh2 {[%emt
0:01:37]} Qf5 {[%emt 0:00:39]} 42. h6 {[%emt 0:03:30]} Qh5+ {[%emt 0:01:59]}
43. Kg1 {[%emt 0:00:09]} g5 {[%emt 0:00:22]} 44. f4 {[%emt 0:03:22] normal }
Qd1+ 45. Kf2 g4 46. f5 Qc2+ 47. Kg1 Qe4 48. Bf2 Qxf5 49. Qb3+ Qe6 50. d5 Qf7
51. Qa4 Rb8 52. Qxg4+ Qg6 53. Qe6+ Kh8 54. Bh4 Rf8 55. Qe3 Qh5 56. Qd4 Qxh6 57.
d6 Kg7 58. d7 Rd8 59. Qd6 Kf7 60. Qd5+ Ke7 61. Qe5+ Kxd7 62. Bxf6 Qc1+ 63. Kh2
Qc7 64. Qxc7+ Kxc7 65. Bxd8+ Kxd8 1/2-1/2

[Event "ODJM A 2023"]
[Site "Willingen GER"]
[Date "2023.06.02"]
[Round "8"]
[White "Riechenberg, Sebastian"]
[Black "Stegert, Jonas"]
[Result "0-1"]
[Termination "normal"]
[Board "23"]
[WhiteElo "1655"]
[BlackElo "1838"]
[WhiteClock "00:41:19"]
[BlackClock "00:21:12"]
[PlyCount "94"]
[WhiteFideId "34605231"]
[BlackFideId "16247965"]
[EventCountry "GER"]
[EventRounds "9"]
[EventType "swiss"]
[EventDate "2023.05.27"]

1. e4 {[%clk 01:30:49]} {[%emt 00:00:11]} c6 {[%clk 01:30:57]} {[%emt
00:00:04]} 2. d4 {[%clk 01:31:03]} {[%emt 00:00:15]} d5 {[%clk 01:31:22]}
{[%emt 00:00:06]} 3. exd5 {[%clk 01:30:53]} {[%emt 00:00:40]} cxd5 {[%clk
01:31:45]} {[%emt 00:00:07]} 4. Bd3 {[%clk 01:30:26]} {[%emt 00:00:57]} Nc6
{[%clk 01:31:02]} {[%emt 00:01:13]} 5. c3 {[%clk 01:30:32]} {[%emt 00:00:24]}
Nf6 {[%clk 01:31:19]} {[%emt 00:00:13]} 6. Bf4 {[%clk 01:28:33]} {[%emt
00:02:28]} Bg4 {[%clk 01:30:21]} {[%emt 00:01:28]} 7. Qb3 {[%clk 01:27:29]}
{[%emt 00:01:35]} Qd7 {[%clk 01:28:29]} {[%emt 00:02:21]} 8. Nd2 {[%clk
01:25:31]} {[%emt 00:02:28]} e6 {[%clk 01:09:11]} {[%emt 00:19:49]} 9. Ngf3
{[%clk 01:23:18]} {[%emt 00:02:42]} Bxf3 {[%clk 01:09:24]} {[%emt 00:00:18]}
10. Nxf3 {[%clk 01:23:09]} {[%emt 00:00:38]} Bd6 {[%clk 01:09:44]} {[%emt
00:00:11]} 11. Bg3 {[%clk 01:21:50]} {[%emt 00:01:49]} O-O {[%clk 01:09:50]}
{[%emt 00:00:23]} 12. O-O {[%clk 01:22:09]} {[%emt 00:00:11]} Nh5 {[%clk
01:00:16]} {[%emt 00:10:04]} 13. Bxd6 {[%clk 01:11:31]} {[%emt 00:11:08]} Qxd6
{[%clk 01:00:40]} {[%emt 00:00:06]} 14. Qxb7 {[%clk 01:09:21]} {[%emt
00:02:41]} Rab8 {[%clk 00:52:43]} {[%emt 00:08:28]} 15. Qa6 {[%clk 01:09:30]}
{[%emt 00:00:20]} Rb6 {[%clk 00:51:50]} {[%emt 00:01:23]} 16. Qa4 {[%clk
01:02:17]} {[%emt 00:07:42]} Rfb8 {[%clk 00:46:52]} {[%emt 00:05:28]} 17. Rab1
{[%clk 00:57:36]} {[%emt 00:05:12]} Nf4 {[%clk 00:46:42]} {[%emt 00:00:40]} 18.
Qc2 {[%clk 00:53:09]} {[%emt 00:04:57]} Nxd3 {[%clk 00:47:00]} {[%emt
00:00:11]} 19. Qxd3 {[%clk 00:53:34]} {[%emt 00:00:06]} Rxb2 {[%clk 00:47:14]}
{[%emt 00:00:15]} 20. Rxb2 {[%clk 00:53:09]} {[%emt 00:00:56]} Rxb2 {[%clk
00:47:39]} {[%emt 00:00:05]} 21. Ng5 {[%clk 00:53:04]} {[%emt 00:00:34]} g6
{[%clk 00:44:18]} {[%emt 00:03:51]} 22. Qh3 {[%clk 00:50:58]} {[%emt 00:02:36]}
h5 {[%clk 00:44:41]} {[%emt 00:00:07]} 23. g4 {[%clk 00:50:47]} {[%emt
00:00:41]} Qf4 {[%clk 00:44:41]} {[%emt 00:00:29]} 24. Nxe6 {[%clk 00:49:48]}
{[%emt 00:01:30]} fxe6 {[%clk 00:39:05]} {[%emt 00:10:10]} 25. gxh5 {[%clk
00:49:59]} Qf5 {[%clk 00:38:05]} 26. Qe3 {[%clk 00:49:31]} Rxa2 {[%clk
00:13:49]} {[%emt 00:23:28]} 27. hxg6 {[%clk 00:49:14]} {[%emt 00:00:48]} Qg4+
{[%clk 00:12:15]} {[%emt 00:02:03]} 28. Kh1 {[%clk 00:47:48]} {[%emt 00:01:56]}
Re2 {[%clk 00:02:15]} {[%emt 00:10:31]} 29. Qh6 {[%clk 00:45:26]} {[%emt
00:02:51]} Qf3+ {[%clk 00:02:39]} {[%emt 00:00:06]} 30. Kg1 {[%clk 00:45:49]}
{[%emt 00:00:08]} Qf6 {[%clk 00:03:01]} {[%emt 00:00:07]} 31. Kh1 {[%clk
00:45:34]} {[%emt 00:00:46]} e5 {[%clk 00:03:17]} {[%emt 00:00:14]} 32. Qh5
{[%clk 00:44:35]} {[%emt 00:01:28]} Re4 {[%clk 00:02:52]} {[%emt 00:00:55]} 33.
Qh7+ {[%clk 00:30:25]} {[%emt 00:14:40]} Kf8 {[%clk 00:03:21]} {[%emt
00:00:01]} 34. f3 {[%clk 00:30:43]} {[%emt 00:00:13]} Re2 {[%clk 00:02:34]}
{[%emt 00:01:17]} 35. Qh5 {[%clk 00:28:31]} {[%emt 00:02:42]} Kg8 {[%clk
00:01:27]} {[%emt 00:01:37]} 36. Rg1 {[%clk 00:28:25]} {[%emt 00:00:36]} Qh8
{[%clk 00:01:23]} {[%emt 00:00:34]} 37. Qxh8+ {[%clk 00:28:02]} {[%emt
00:00:53]} Kxh8 {[%clk 00:01:49]} {[%emt 00:00:03]} 38. h4 {[%clk 00:28:12]}
{[%emt 00:00:20]} Kg8 {[%clk 00:01:13]} {[%emt 00:01:07]} 39. h5 {[%clk
00:22:01]} {[%emt 00:06:41]} exd4 {[%clk 00:01:27]} {[%emt 00:00:16]} 40. cxd4
{[%clk 00:15:37]} {[%emt 00:06:54]} Nxd4 {[%clk 00:01:38]} {[%emt 00:00:19]}
41. Rf1 {[%clk 00:15:38]} {[%emt 00:00:29]} Re5 {[%clk 00:01:36]} {[%emt
00:00:32]} 42. h6 {[%clk 00:15:37]} {[%emt 00:00:31]} Rh5+ {[%clk 00:02:00]}
{[%emt 00:00:06]} 43. Kg2 {[%clk 00:16:02]} {[%emt 00:00:04]} Rxh6 {[%clk
00:02:11]} {[%emt 00:00:19]} 44. Rd1 {[%clk 00:16:26]} {[%emt 00:00:06]} Rh4
{[%emt 00:04:20]} 45. Rb1 {[%clk 00:14:29]} {[%emt 00:00:14]} a5 {[%clk
00:24:22]} {[%emt 00:06:43]} 46. Rb7 {[%clk 00:43:29]} {[%emt 00:01:29]} Nf5
{[%clk 00:20:52]} {[%emt 00:04:01]} 47. Rb5 {[%clk 00:41:19]} {[%emt 00:02:40]}
a4 {[%clk 00:21:12]} {[%emt 00:00:11]} 0-1

[Event "ODJM A 2023"]
[Site "Willingen GER"]
[Date "2023.06.02"]
[Round "8"]
[White "Vollbehr, Bjarne"]
[Black "Matthes, Benjamin"]
[Result "0-1"]
[Termination "normal"]
[Board "24"]
[WhiteElo "1867"]
[BlackElo "1816"]
[WhiteClock "01:16:28"]
[BlackClock "00:34:25"]
[PlyCount "118"]
[WhiteFideId "34606025"]
[BlackFideId "16227298"]
[EventCountry "GER"]
[EventRounds "9"]
[EventType "swiss"]
[EventDate "2023.05.27"]

1. d4 {[%clk 01:30:56]} {[%emt 00:00:03]} Nf6 {[%clk 01:06:44]} {[%emt
00:09:39]} 2. c4 {[%clk 01:31:16]} {[%emt 00:00:09]} b6 {[%clk 01:07:05]}
{[%emt 00:00:10]} 3. Nf3 {[%clk 01:31:34]} {[%emt 00:00:11]} Bb7 {[%clk
01:07:31]} {[%emt 00:00:04]} 4. g3 {[%clk 01:31:58]} {[%emt 00:00:06]} e6
{[%clk 01:07:49]} {[%emt 00:00:13]} 5. Bg2 {[%clk 01:32:22]} {[%emt 00:00:05]}
Be7 {[%clk 01:08:01]} {[%emt 00:00:19]} 6. Nc3 {[%clk 01:32:26]} {[%emt
00:00:25]} O-O {[%clk 01:02:29]} {[%emt 00:06:02]} 7. O-O {[%clk 01:32:45]}
{[%emt 00:00:11]} Ne4 {[%clk 01:02:56]} {[%emt 00:00:04]} 8. Qc2 {[%clk
01:31:24]} {[%emt 00:01:49]} Nxc3 {[%clk 01:03:14]} {[%emt 00:00:14]} 9. Qxc3
{[%clk 01:31:30]} {[%emt 00:00:24]} d6 {[%clk 01:03:38]} {[%emt 00:00:07]} 10.
b3 {[%clk 01:29:36]} {[%emt 00:02:23]} Nd7 {[%clk 01:03:46]} {[%emt 00:00:21]}
11. Qc2 {[%clk 01:28:04]} {[%emt 00:02:02]} f5 {[%clk 00:59:14]} {[%emt
00:05:03]} 12. Ng5 {[%clk 01:22:14]} {[%emt 00:06:19]} Bxg2 {[%clk 00:38:58]}
{[%emt 00:20:47]} 13. Nxe6 {[%clk 01:21:54]} {[%emt 00:00:49]} Be4 {[%clk
00:39:22]} {[%emt 00:00:07]} 14. Qd2 {[%clk 01:14:01]} {[%emt 00:08:23]} Qc8
{[%clk 00:38:04]} {[%emt 00:01:48]} 15. d5 {[%clk 01:10:43]} {[%emt 00:03:48]}
f4 {[%clk 00:14:17]} {[%emt 00:24:17]} 16. Nxf8 {[%clk 01:06:33]} {[%emt
00:04:39]} Qxf8 {[%clk 00:14:38]} {[%emt 00:00:09]} 17. Qxf4 {[%clk 01:06:36]}
{[%emt 00:00:27]} Bf6 {[%clk 00:08:18]} {[%emt 00:06:50]} 18. Qxe4 {[%clk
00:59:13]} {[%emt 00:11:39]} Bxa1 {[%clk 00:08:25]} 19. Qe6+ {[%clk 00:55:08]}
{[%emt 00:01:12]} Qf7 {[%clk 00:08:41]} {[%emt 00:00:15]} 20. Bg5 {[%clk
00:55:04]} {[%emt 00:00:34]} Qxe6 {[%clk 00:07:53]} {[%emt 00:01:17]} 21. dxe6
{[%clk 00:55:23]} {[%emt 00:00:10]} Bf6 {[%clk 00:08:20]} {[%emt 00:00:04]} 22.
Bxf6 {[%clk 00:54:05]} {[%emt 00:01:48]} Nxf6 {[%clk 00:08:10]} {[%emt
00:00:40]} 23. f4 {[%clk 00:54:32]} {[%emt 00:00:03]} Kf8 {[%clk 00:02:32]}
{[%emt 00:06:08]} 24. f5 {[%clk 00:53:51]} {[%emt 00:01:11]} Ke7 {[%clk
00:02:50]} {[%emt 00:00:12]} 25. Rf4 {[%clk 00:52:44]} {[%emt 00:01:36]} g6
{[%clk 00:02:14]} {[%emt 00:01:07]} 26. e4 {[%clk 00:51:20]} {[%emt 00:01:54]}
g5 {[%clk 00:01:13]} {[%emt 00:01:31]} 27. Rf3 {[%clk 00:50:20]} {[%emt
00:01:30]} Nxe4 {[%clk 00:01:17]} {[%emt 00:00:27]} 28. g4 {[%clk 00:50:27]}
{[%emt 00:00:23]} Nf6 {[%clk 00:01:15]} {[%emt 00:00:32]} 29. h3 {[%clk
00:50:35]} {[%emt 00:00:22]} h5 {[%clk 00:00:56]} {[%emt 00:00:49]} 30. Rg3
{[%clk 00:50:44]} {[%emt 00:00:20]} hxg4 {[%clk 00:01:06]} {[%emt 00:00:20]}
31. hxg4 {[%clk 00:51:00]} {[%emt 00:00:14]} Rh8 {[%clk 00:01:15]} {[%emt
00:00:21]} 32. Kg2 {[%clk 00:50:44]} {[%emt 00:00:46]} Rh4 {[%clk 00:01:23]}
{[%emt 00:00:20]} 33. Kf3 {[%clk 00:50:54]} {[%emt 00:00:22]} Rh2 {[%clk
00:01:11]} {[%emt 00:00:42]} 34. Rg1 {[%clk 00:50:41]} {[%emt 00:00:43]} a5
{[%clk 00:00:48]} {[%emt 00:00:53]} 35. Ra1 {[%clk 00:48:48]} {[%emt 00:02:23]}
Rh3+ {[%clk 00:01:01]} {[%emt 00:00:16]} 36. Kg2 {[%clk 00:48:41]} {[%emt
00:00:37]} Rh4 {[%clk 00:01:04]} {[%emt 00:00:28]} 37. Rf1 {[%clk 00:40:13]}
{[%emt 00:08:57]} Rxg4+ {[%clk 00:01:14]} {[%emt 00:00:21]} 38. Kh3 {[%clk
00:40:36]} {[%emt 00:00:07]} Rh4+ {[%clk 00:00:50]} {[%emt 00:00:54]} 39. Kg2
{[%clk 00:40:49]} {[%emt 00:00:17]} Rg4+ {[%clk 00:01:12]} {[%emt 00:00:08]}
40. Kh3 {[%clk 00:41:06]} {[%emt 00:00:12]} Rf4 {[%clk 00:00:53]} {[%emt
00:00:50]} 41. Rxf4 {[%clk 00:41:09]} {[%emt 00:00:27]} gxf4 {[%clk 00:00:52]}
{[%emt 00:00:32]} 42. Kg2 {[%clk 00:41:30]} {[%emt 00:00:08]} Ng8 {[%clk
00:28:52]} {[%emt 00:02:30]} 43. Kf3 {[%clk 01:11:46]} {[%emt 00:00:13]} Kf6
{[%clk 00:29:14]} {[%emt 00:00:09]} 44. Kxf4 {[%clk 01:12:10]} {[%emt
00:00:06]} Ne7 {[%clk 00:29:24]} {[%emt 00:00:19]} 45. Ke4 {[%clk 01:12:33]}
{[%emt 00:00:08]} c6 {[%clk 00:29:37]} {[%emt 00:00:17]} 46. a3 {[%clk
01:12:56]} {[%emt 00:00:07]} Nxf5 {[%clk 00:30:01]} {[%emt 00:00:06]} 47. b4
{[%clk 01:12:33]} {[%emt 00:00:53]} axb4 {[%clk 00:30:25]} {[%emt 00:00:06]}
48. axb4 {[%clk 01:12:59]} {[%emt 00:00:04]} Kxe6 {[%clk 00:30:47]} {[%emt
00:00:08]} 49. c5 {[%clk 01:12:26]} {[%emt 00:01:03]} dxc5 {[%clk 00:30:46]}
{[%emt 00:00:32]} 50. bxc5 {[%clk 01:12:50]} {[%emt 00:00:05]} bxc5 {[%clk
00:31:10]} {[%emt 00:00:05]} 51. Kd3 {[%clk 01:13:17]} {[%emt 00:00:04]} Kd5
{[%clk 00:31:32]} {[%emt 00:00:08]} 52. Kc3 {[%clk 01:13:40]} {[%emt 00:00:06]}
c4 {[%clk 00:31:57]} {[%emt 00:00:04]} 53. Kc2 {[%clk 01:14:07]} {[%emt
00:00:05]} Kd4 {[%clk 00:32:22]} {[%emt 00:00:05]} 54. Kd2 {[%clk 01:14:25]}
{[%emt 00:00:13]} c3+ {[%clk 00:32:47]} {[%emt 00:00:04]} 55. Kc2 {[%clk
01:14:51]} {[%emt 00:00:04]} Kc4 {[%clk 00:33:12]} {[%emt 00:00:04]} 56. Kc1
{[%clk 01:15:17]} {[%emt 00:00:05]} Kd3 {[%clk 00:33:36]} {[%emt 00:00:06]} 57.
Kd1 {[%clk 01:15:43]} {[%emt 00:00:04]} c2+ {[%clk 00:33:41]} {[%emt 00:00:25]}
58. Kc1 {[%clk 01:16:03]} {[%emt 00:00:09]} c5 {[%clk 00:34:00]} {[%emt
00:00:12]} 59. Kb2 {[%clk 01:16:28]} {[%emt 00:00:05]} Kd2 {[%clk 00:34:25]}
{[%emt 00:00:05]} 0-1

[Event "ODJM A 2023"]
[Site "Willingen GER"]
[Date "2023.06.02"]
[Round "8"]
[White "Zobel, Christian"]
[Black "Hofmann, Benjamin"]
[Result "1-0"]
[Termination "normal"]
[Board "25"]
[WhiteElo "1633"]
[BlackElo "1700"]
[WhiteClock "00:25:51"]
[BlackClock "00:43:15"]
[PlyCount "131"]
[WhiteFideId "16259068"]
[BlackFideId "16270266"]
[EventCountry "GER"]
[EventRounds "9"]
[EventType "swiss"]
[EventDate "2023.05.27"]

1. e4 {[%emt 0:00:20]} e5 {[%emt 0:00:04]} 2. Nf3 {[%emt 0:00:04]} Nc6 {[%emt
0:00:06]} 3. Bc4 {[%emt 0:00:14]} Bc5 {[%emt 0:00:10]} 4. c3 {[%emt 0:00:11]}
Nf6 {[%emt 0:00:10]} 5. d3 {[%emt 0:00:29]} O-O {[%emt 0:00:28]} 6. O-O {[%emt
0:00:29]} d6 {[%emt 0:00:30]} 7. Nbd2 {[%emt 0:00:42]} Be6 {[%emt 0:01:54]} 8.
Bb3 {[%emt 0:02:20]} Bb6 {[%emt 0:02:48]} 9. Nc4 {[%emt 0:03:27]} Ne7 {[%emt
0:05:36]} 10. Nxb6 {[%emt 0:04:16]} Bxb3 {[%emt 0:01:40]} 11. axb3 {[%emt
0:01:47]} cxb6 {[%emt 0:02:54]} 12. Nh4 {[%emt 0:04:17]} h6 {[%emt 0:03:09]}
13. f4 {[%emt 0:03:38]} exf4 {[%emt 0:01:25]} 14. Bxf4 {[%emt 0:00:54]} Ng6
{[%emt 0:02:43]} 15. Bg3 {[%emt 0:06:56]} Nxe4 {[%emt 0:04:35]} 16. dxe4 {[%emt
0:00:39]} Nxh4 {[%emt 0:01:23]} 17. e5 {[%emt 0:03:50]} Qg5 {[%emt 0:03:46]}
18. exd6 {[%emt 0:05:33]} Nf5 {[%emt 0:06:34]} 19. Bf4 {[%emt 0:03:56]} Qg6
{[%emt 0:04:46]} 20. Qd5 {[%emt 0:01:40]} Qe6 {[%emt 0:03:20]} 21. Qxb7 {[%emt
0:05:42]} Rfb8 {[%emt 0:13:31]} 22. Qf3 {[%emt 0:07:06]} Nh4 {[%emt 0:05:06]}
23. Qf2 {[%emt 0:03:04]} Ng6 {[%emt 0:01:32]} 24. Bg3 {[%emt 0:01:49]} Rd8
{[%emt 0:02:47]} 25. c4 {[%emt 0:09:02]} Rd7 {[%emt 0:05:13]} 26. Qf3 {[%emt
0:06:41]} Qe8 {[%emt 0:02:04]} 27. Rae1 {[%emt 0:01:32]} Qc8 {[%emt 0:02:12]}
28. b4 {[%emt 0:06:43]} Qb7 {[%emt 0:04:21]} 29. Qxb7 {[%emt 0:07:55]} Rxb7
{[%emt 0:00:06]} 30. c5 {[%emt 0:00:06]} bxc5 {[%emt 0:00:43]} 31. bxc5 {[%emt
0:00:07]} Rc8 {[%emt 0:00:18]} 32. Rc1 {[%emt 0:04:54]} Rc6 {[%emt 0:01:21]}
33. Rfe1 {[%emt 0:00:28]} f6 {[%emt 0:00:54]} 34. b4 {[%emt 0:02:05]} a6 {[%emt
0:00:09]} 35. Rcd1 {[%emt 0:01:09]} Rd7 {[%emt 0:00:23]} 36. Re8+ {[%emt
0:01:01]} Kf7 {[%emt 0:00:26]} 37. Ra8 {[%emt 0:00:44]} Nf8 {[%emt 0:02:58]}
38. Ra1 {[%emt 0:00:57]} Rb7 {[%emt 0:02:26]} 39. R1xa6 {[%emt 0:00:08]} Rxa6
{[%emt 0:00:09]} 40. Rxa6 {[%emt 0:00:01]} Rxb4 {[%emt 0:00:23]} 41. c6 {[%emt
0:02:05]} Ke6 {[%emt 0:02:45]} 42. d7 {[%emt 0:00:47]} Nxd7 {[%emt 0:00:43]}
43. cxd7+ {[%emt 0:00:08]} Kxd7 {[%emt 0:00:18]} 44. Ra7+ {[%emt 0:00:24]} Ke6
{[%emt 0:00:06]} 45. Rxg7 {[%emt 0:00:10]} Kf5 {[%emt 0:00:21]} 46. h3 {[%emt
0:03:58]} h5 {[%emt 0:00:33]} 47. Kh2 {[%emt 0:01:34]} Rb3 {[%emt 0:00:25]} 48.
Bh4 {[%emt 0:03:05]} Rb4 {[%emt 0:00:40]} 49. g3 {[%emt 0:01:46]} Rb2+ {[%emt
0:00:15]} 50. Kg1 {[%emt 0:00:05]} Rb1+ {[%emt 0:00:04]} 51. Kf2 {[%emt
0:00:07]} Rb2+ {[%emt 0:00:05]} 52. Ke3 {[%emt 0:00:11]} Rh2 {[%emt 0:00:34]}
53. Rf7 {[%emt 0:00:40]} Kg6 {[%emt 0:02:13]} 54. Rxf6+ {[%emt 0:00:07]} Kg7
{[%emt 0:00:06]} 55. Rf5 {[%emt 0:00:35]} Kg6 {[%emt 0:00:17]} 56. Rg5+ {[%emt
0:00:14]} Kh6 {[%emt 0:00:05]} 57. Kf3 {[%emt 0:00:13]} Ra2 {[%emt 0:00:59]}
58. Re5 {[%emt 0:01:31]} Ra3+ {[%emt 0:00:13]} 59. Re3 {[%emt 0:00:22]} Ra6
{[%emt 0:00:14]} 60. g4 Ra4 61. Re6+ Kg7 62. Bf2 Ra3+ 63. Be3 Ra5 64. Rh6 hxg4+
65. hxg4 Ra3 66. Rb6 1-0

[Event "ODJM A 2023"]
[Site "Willingen GER"]
[Date "2023.06.02"]
[Round "8"]
[White "Mader, Fabian"]
[Black "Loheide, Michel"]
[Result "0-1"]
[Termination "normal"]
[Board "26"]
[WhiteElo "1889"]
[BlackElo "1876"]
[WhiteClock "00:20:20"]
[BlackClock "00:31:33"]
[PlyCount "90"]
[WhiteFideId "16265866"]
[BlackFideId "34633570"]
[EventCountry "GER"]
[EventRounds "9"]
[EventType "swiss"]
[EventDate "2023.05.27"]

1. e4 {[%emt 0:00:03]} c5 {[%emt 0:00:05]} 2. Nf3 {[%emt 0:00:07]} d6 {[%emt
0:00:04]} 3. Bb5+ {[%emt 0:00:10]} Nd7 {[%emt 0:00:07]} 4. O-O {[%emt 0:00:53]}
e6 {[%emt 0:01:36]} 5. c3 {[%emt 0:01:12]} Ngf6 {[%emt 0:00:23]} 6. Re1 {[%emt
0:00:35]} Be7 {[%emt 0:00:50]} 7. d4 {[%emt 0:01:00]} O-O {[%emt 0:09:23]} 8.
Qe2 {[%emt 0:05:13]} Qc7 {[%emt 0:10:27]} 9. Bd3 {[%emt 0:11:38]} e5 {[%emt
0:02:13]} 10. Be3 {[%emt 0:06:34]} cxd4 {[%emt 0:19:45]} 11. cxd4 {[%emt
0:00:13]} d5 {[%emt 0:01:11]} 12. Nc3 {[%emt 0:02:43]} dxe4 {[%emt 0:04:17]}
13. Nxe4 {[%emt 0:02:59]} Nxe4 {[%emt 0:01:09]} 14. Bxe4 {[%emt 0:00:40]} Nf6
{[%emt 0:10:18]} 15. Rac1 {[%emt 0:01:01]} Qd8 {[%emt 0:00:49]} 16. Bb1 {[%emt
0:00:41]} e4 {[%emt 0:03:11]} 17. Ne5 {[%emt 0:12:05]} Re8 {[%emt 0:06:32]} 18.
Red1 {[%emt 0:05:08]} Bf5 {[%emt 0:03:45]} 19. a3 {[%emt 0:11:10]} Bd6 {[%emt
0:04:49]} 20. Ba2 {[%emt 0:15:20]} Be6 {[%emt 0:01:24]} 21. d5 {[%emt 0:02:02]}
Bf5 {[%emt 0:03:19]} 22. Nc4 {[%emt 0:03:46]} Bg4 {[%emt 0:00:26]} 23. f3
{[%emt 0:02:58]} exf3 {[%emt 0:00:12]} 24. gxf3 {[%emt 0:00:11]} Bh5 {[%emt
0:01:16]} 25. Qf2 {[%emt 0:00:32]} b6 {[%emt 0:03:01]} 26. Nxd6 {[%emt
0:05:34]} Qxd6 {[%emt 0:00:01]} 27. Rd4 {[%emt 0:00:30]} Rac8 {[%emt 0:02:13]}
28. Rxc8 {[%emt 0:02:39]} Rxc8 {[%emt 0:00:01]} 29. Bf4 {[%emt 0:00:30]} Qd7
{[%emt 0:02:18]} 30. d6 {[%emt 0:00:50]} Bg6 {[%emt 0:01:13]} 31. Bb3 {[%emt
0:00:45]} Nh5 {[%emt 0:01:30]} 32. Bg5 {[%emt 0:01:25]} h6 {[%emt 0:00:48]} 33.
Ba4 {[%emt 0:00:26]} b5 {[%emt 0:01:13]} 34. Bxh6 {[%emt 0:04:32]} gxh6 {[%emt
0:00:29]} 35. Bb3 {[%emt 0:00:25]} Rc6 {[%emt 0:00:47]} 36. Qd2 {[%emt
0:00:24]} Kg7 {[%emt 0:00:43]} 37. Rd5 {[%emt 0:00:39]} Nf6 {[%emt 0:00:25]}
38. Qd4 {[%emt 0:00:33]} a6 {[%emt 0:00:50]} 39. a4 {[%emt 0:00:28]} Bc2 {[%emt
0:01:56]} 40. axb5 {[%emt 0:00:45]} axb5 {[%emt 0:00:21]} 41. Ba2 {[%emt
0:02:09]} Be4 {[%emt 0:04:37]} 42. Re5 {[%emt 0:09:12]} Rxd6 43. Qe3 Bg6 44.
Re7 Rd1+ 45. Kg2 Qd2+ 0-1